000
00253nam a2200109Ia 4500
005
20251222154435.0
008
251222s9999||||xx |||||||||||||| ||spa||
020
_a
84-86093-23-6
082
_a
100/U61/1986
245
0
_a
Temas Cou FilosofĂa
942
_c
LIB
999
_c
36591
_d
36591